000 01418nam a2200373 i 4500
001 ELB76928
003 FlNmELB
006 m o d |
007 cr cnu||||||||
008 140916s2013 ag o 000 0 spa d
020 _a9781449207724 (e-book)
020 _z9789871772698
035 _a(MiAaPQ)EBC3224088
035 _a(Au-PeEL)EBL3224088
035 _a(CaPaEBR)ebr10914747
035 _a(OCoLC)949119307
040 _aFINmELB
_bspa
_erda
_cFINmELB
050 4 _aBF173
_b.B221 2013
082 0 _a150.195
_223
100 1 _aBaños Orellana, Jorge.
245 1 3 _aLa novela de Lacan :
_bde neuropsiquiatra a psicoanalista /
_cJorge Baños Orellana.
264 1 _aBuenos Aires :
_bEl cuenco de plata,
_c2013.
300 _a1 recurso en línea (304 páginas)
336 _atexto
_btxt
_2rdacontent/spa
337 _acomputadora
_bc
_2rdamedia/spa
338 _arecurso en línea
_bcr
_2rdacarrier/spa
588 _aDescripción basada en recurso en línea; Título de la página del título en PDF (e-libro, visto September 17, 2014).
590 _aRecurso electrónico. Santa Fe, Arg.: e-libro, 2015. Disponible vía World Wide Web. El acceso puede estar limitado para las bibliotecas afiliadas a e-libro.
650 0 _aPsychoanalysis.
650 4 _aPsicoanálisis.
655 4 _aLibros electrónicos.
797 2 _ae-libro, Corp.
856 4 0 _uhttps://elibro.net/ereader/usam/76928
999 _c140619
_d140619